000 01100nam a22002777a 4500
999 _c63450
_d63450
005 20240530110642.0
008 171022s2016 jo h f b 000 0 ara d
017 _a2015/2010
_bالاردن . المكتبة الوطنية
020 _a9789957306953
040 _aEG-CaGPL
_cEG-CaGPL
082 0 4 _221
_a645.1 /
_bع س
100 0 _aعبدالعزيز حميد صالح
245 1 2 _aالسجاد الشرقى القديم :
_bدراسة تاريخية - اثرية = Old Oriental Carpets /
_cعبدالعزيز حميد صالح
246 1 1 _aOld Oriental Carpets
250 _aط. 1
260 _bفضاءات للنشر والتوزيع ،
_c2016
_aعمان :
300 _a270 ص. :
_bصور ؛
_c24 سم.
504 _aيشتمل على ارجاعات ببليوجرافية
650 0 7 _2qrmak
_aالسجاجيد
_xصناعة وتجارة
650 0 7 _2qrmak
_aالسجاجيد الاسلامية
650 0 7 _2qrmak
_aالفن الزجرفى
650 0 7 _2qrmak
_aالغزل والنسيج
651 _2qrmak
942 _2ddc
_cBK